Statistics for Five Biggest Cities by Continent by Letter - S

Click here to take the quiz!

General Stats

  • This quiz has been taken 192 times
  • The average score is 19 of 30

Answer Stats

Population Country City % Correct
5,607,000SingaporeSingapore
99%
9,904,000South KoreaSeoul
99%
936,000SwedenStockholm
97%
4,605,000AustraliaSydney
97%
1,236,000BulgariaSofia
97%
6,562,000ChileSantiago de Chile
96%
5,282,000RussiaSt. Petersburg
96%
11,998,000BrazilSão Paulo
96%
20,218,000ChinaShanghai
96%
1,415,000Costa RicaSan José
95%
1,407,000USASan Diego
95%
1,025,000USASan Jose
95%
2,582,000Dominican RepublicSanto Domingo
93%
173,000FijiSuva
78%
1,493,000USASan Antonio
75%
10,358,000ChinaShenzhen
66%
2,953,000BrazilSalvador
66%
1,442,000BoliviaSanta Cruz
52%
5,718,000ChinaShenyang
51%
1,170,000RussiaSamara
49%
485,000EgyptSuez
49%
50,000KiribatiSouth Tarawa
39%
845,000RussiaSaratov
30%
308,000AustraliaSunshine Coast
15%
890,000MoroccoSalé
11%
309,000MoroccoSafi
9%
1,049,000BrazilSão Gonçalo
5%
1,026,000EgyptShubra el-Kheima
4%
50,000AustraliaShepparton
3%
403,000South AfricaSoshanguve
1%

Score Distribution

Percentile by Number Answered

Percent of People with Each Score

Your Score History

You have not taken this quiz